Ile wiesz o Formule 1? - Statystyki

Ogólne statystyki
  • Ten quiz został rozwiązany 1 364 razy
  • Średni wynik to 5 z 10
Statystyki odpowiedzi
Pytanie Odpowiedź % Poprawnych
Jaki zespół jest najbardziej utytułowanym teamem w historii Formuły 1? Ferrari
96%
Ile razy Lewis Hamilton był mistrzem świata? 6
95%
W którym roku wprowadzono hybrydowe silniki? 2014
80%
Od którego roku Pirelli jest jedynym dostawcą opon? 2011
74%
Kto jest najbardziej utytułowanym kierowcą w historii F1? Michael Schumacher
57%
Kto jest najmłodszym mistrzem świata? Sebastian Vettel
50%
Kto był pierwszym mistrzem świata F1? Giuseppe Farina
32%
Jaki kierowca wystąpił w największej liczbie wyścigów w historii? Rubens Barrichello
25%
Kto jest prezesem FIA? Jean Todt
20%
Swój jedyny wyścig Robert Kubica wygrał w Kanadzie. Jak nazywa się ten tor? Circuit Gilles Villeneuve
19%
Nie znaleziono quizów pasujących do podanych kryteriów
Rozkład punktacji
Procent ludzi z każdym wynikiem
Percentyl według liczby udzielonych odpowiedzi
Twoja historia wyników
Nie rozwiązałeś tego quizu